[Event "DSOL 04 Liga Gr-D 1st"]
[Site "Playchess.com INT"]
[Date "2020.08.14"]
[Round "2.4"]
[White "Krieger, Fabian"]
[Black "Lehmann, Tornalf"]
[Result "1-0"]
[WhiteElo "1948"]
[BlackElo "1552"]
[PlyCount "41"]
[EventDate "2020.06.22"]
[EventType "team-tourn (rapid)"]
[EventCountry "GER"]
[SourceTitle "EXT 2021"]
[Source "ChessBase"]
[SourceDate "2020.10.23"]
[SourceVersion "1"]
[SourceVersionDate "2020.10.23"]
[SourceQuality "1"]
[WhiteTeam "Berlin Nord Ost"]
[BlackTeam "Heilsbronn"]
[WhiteTeamCountry "GER"]
[BlackTeamCountry "GER"]

1. Nf3 Nf6 2. g3 d5 3. Bg2 c5 4. 0-0 e6 5. c4 Be7 6. cxd5 exd5 7. d4 c4 8. b3 b5 9. a4 Bd7 10. axb5 Bxb5 11. Na3 Qd7 12. Ne5 Qb7 13. bxc4 Bc6 14. Rb1 Qc7 15. Nxc6 Nxc6 16. cxd5 0-0 17. dxc6 Rad8 18. Nb5 Qb6 19. Bf4 Nd5 20. c7 Rde8 21. Bxd5 1-0

[Event "Forchheim op-B 15th"]
[Site "Forchheim"]
[Date "2016.10.02"]
[Round "3"]
[White "Rierl, Klaus"]
[Black "Lehmann, Tornalf"]
[Result "1/2-1/2"]
[WhiteElo "1756"]
[BlackElo "1675"]
[PlyCount "23"]
[EventDate "2016.10.01"]
[EventType "swiss"]
[EventRounds "5"]
[EventCountry "GER"]
[SourceTitle "EXT 2019"]
[Source "ChessBase"]
[SourceDate "2018.10.10"]
[SourceVersion "1"]
[SourceVersionDate "2018.10.10"]
[SourceQuality "1"]

1. Nf3 Nf6 2. b3 g6 3. Bb2 Bg7 4. d4 d5 5. e3 0-0 6. Nbd2 Nc6 7. a3 b6 8. Be2 Bb7 9. 0-0 Nd7 10. c4 e6 11. Qc2 Rc8 12. Rac1 1/2-1/2

[Event "Pyramiden Franken Cup"]
[Site "Fuerth"]
[Date "2016.09.03"]
[Round "4"]
[White "Boese, Christina"]
[Black "Lehmann, Tornalf"]
[Result "0-1"]
[WhiteElo "1555"]
[BlackElo "1675"]
[PlyCount "64"]
[EventDate "2016.09.01"]
[EventType "swiss"]
[EventRounds "7"]
[EventCountry "GER"]
[SourceTitle "CBM 174 Extra"]
[Source "ChessBase"]
[SourceDate "2016.10.10"]
[SourceVersion "1"]
[SourceVersionDate "2016.10.10"]
[SourceQuality "1"]

1. e4 Nf6 2. d3 e5 3. Nc3 Bc5 4. f4 d6 5. f5 d5 6. Bg5 dxe4 7. Bxf6 Qxf6 8. Nxe4 Qb6 9. Nxc5 Qxc5 10. g4 Nc6 11. c3 0-0 12. Qf3 f6 13. h4 Bd7 14. Ne2 Rae8 15. Ng3 Ne7 16. Ne4 Qb6 17. Rb1 Bc6 18. h5 h6 19. Qe2 Nd5 20. Qf2 Qa5 21. b4 Qa3 22. Qd2 Nxc3 23. Nxc3 Bxh1 24. Rb3 Qa6 25. b5 Qd6 26. Qh2 Bd5 27. Nxd5 Qxd5 28. Qc2 e4 29. Kd1 exd3 30. Rxd3 Qxb5 31. Rf3 Qe5 32. Qb3+ Kh8 0-1

[Event "Forchheim op-B 14th"]
[Site "Forchheim"]
[Date "2015.10.04"]
[Round "5"]
[White "Lehmann, Tornalf"]
[Black "Schulz, Siegfried"]
[Result "1-0"]
[WhiteElo "1671"]
[BlackElo "1928"]
[PlyCount "83"]
[EventDate "2015.10.02"]
[EventType "swiss"]
[EventRounds "5"]
[EventCountry "GER"]
[SourceTitle "EXT 2019"]
[Source "ChessBase"]
[SourceDate "2018.10.10"]
[SourceVersion "1"]
[SourceVersionDate "2018.10.10"]
[SourceQuality "1"]

1. e4 e6 2. d4 d5 3. Nc3 Be7 4. e5 c5 5. Nf3 Nc6 6. Bb5 Bd7 7. Bxc6 Bxc6 8. 0-0 cxd4 9. Nxd4 Bd7 10. f4 g6 11. Be3 a6 12. Nce2 Rc8 13. a4 Bc5 14. c3 Ne7 15. b4 Bb6 16. a5 Ba7 17. h4 Nc6 18. Qe1 h5 19. Kh1 Qe7 20. Nxc6 Rxc6 21. Bxa7 0-0 22. Bc5 Rxc5 23. bxc5 Qxc5 24. Qf2 Qc4 25. Rfe1 Rc8 26. Qd4 Qc7 27. Rec1 Bb5 28. Ng1 Qe7 29. Nf3 Rc4 30. Qd2 f6 31. exf6 Qxf6 32. g3 Kh7 33. Ng5+ Kg8 34. Qe3 Bd7 35. Qe5 Kg7 36. Rab1 Bc8 37. Rb6 Qxe5 38. fxe5 Rc5 39. Nxe6+ Bxe6 40. Rxe6 Rxa5 41. Re7+ Kh6 42. Rf1 1-0

[Event "Forchheim op-B 14th"]
[Site "Forchheim"]
[Date "2015.10.03"]
[Round "3"]
[White "Lehmann, Tornalf"]
[Black "Thuerauf, Peter"]
[Result "0-1"]
[WhiteElo "1671"]
[BlackElo "1835"]
[PlyCount "76"]
[EventDate "2015.10.02"]
[EventType "swiss"]
[EventRounds "5"]
[EventCountry "GER"]
[SourceTitle "EXT 2019"]
[Source "ChessBase"]
[SourceDate "2018.10.10"]
[SourceVersion "1"]
[SourceVersionDate "2018.10.10"]
[SourceQuality "1"]

1. e4 c5 2. d4 cxd4 3. c3 dxc3 4. Nxc3 Nc6 5. Nf3 d6 6. Bc4 e6 7. 0-0 Be7 8. Qe2 Nf6 9. Rd1 e5 10. Be3 Bg4 11. h3 Bxf3 12. Qxf3 0-0 13. Rac1 Rc8 14. Bb3 Qc7 15. Nb5 Qb8 16. Bd5 a6 17. Nc3 Bd8 18. a3 b5 19. Qe2 Na5 20. Ba2 Nc4 21. Bxc4 Rxc4 22. b3 Rc8 23. f3 Bb6 24. Qf2 Bxe3 25. Qxe3 Rc6 26. Kh2 Rfc8 27. Qe1 Qc7 28. Rd3 Qa5 29. Qe3 Qxa3 30. Rb1 Qc5 31. Nd5 Nxd5 32. exd5 Qxe3 33. Rxe3 Rc5 34. Rd3 b4 35. Ra1 a5 36. Ra2 Rb8 37. Rdd2 Rcb5 38. Rac2 g6 0-1

[Event "Forchheim op-B 13th"]
[Site "Forchheim"]
[Date "2014.10.03"]
[Round "1"]
[White "Lehmann, Tornalf"]
[Black "Hoffmann, Sebastian1111"]
[Result "1/2-1/2"]
[WhiteElo "1640"]
[BlackElo "1713"]
[PlyCount "60"]
[EventDate "2014.10.03"]
[EventType "swiss"]
[EventRounds "5"]
[EventCountry "GER"]
[SourceTitle "EXT 2019"]
[Source "ChessBase"]
[SourceDate "2018.10.10"]
[SourceVersion "1"]
[SourceVersionDate "2018.10.10"]
[SourceQuality "1"]

1. e4 e5 2. Bc4 Nf6 3. d4 exd4 4. Nf3 Nc6 5. 0-0 Nxe4 6. Nxd4 d5 7. Nxc6 bxc6 8. Bd3 Nc5 9. Re1+ Be6 10. Bf1 Bd6 11. Nd2 Qf6 12. Rb1 Rb8 13. b3 Kd7 14. Bb2 Qh6 15. g3 f5 16. Nf3 f4 17. Ne5+ Bxe5 18. Rxe5 fxg3 19. fxg3 Ne4 20. Rxe4 Rhf8 21. Bg2 Rf5 22. Rh4 Qe3+ 23. Kh1 Rf2 24. Bd4 Qd2 25. Bxf2 Qxf2 26. Rxh7 Kd6 27. Rxg7 Rh8 28. Rg6 Kd7 29. Rg7+ Kc8 30. Rc1 Qf6 1/2-1/2

[Event "Nuremberg Zabo op 16th"]
[Site "Nuremberg"]
[Date "2014.09.20"]
[Round "3"]
[White "Heinlein, Hans Albert"]
[Black "Lehmann, Tornalf"]
[Result "1-0"]
[WhiteElo "1376"]
[BlackElo "1509"]
[PlyCount "109"]
[EventDate "2014.09.19"]
[EventType "swiss"]
[EventRounds "5"]
[EventCountry "GER"]
[SourceTitle "EXT 2018"]
[Source "ChessBase"]
[SourceDate "2017.10.13"]
[SourceVersion "1"]
[SourceVersionDate "2017.10.13"]
[SourceQuality "1"]

1. d4 Nf6 2. c4 e5 3. dxe5 Ng4 4. Nf3 Bc5 5. e3 Nc6 6. h3 Ngxe5 7. Nxe5 Nxe5 8. Nc3 0-0 9. Be2 d6 10. 0-0 a5 11. a3 Be6 12. b3 f5 13. f4 Nd7 14. Kh2 Nf6 15. Bf3 c6 16. Qd3 Qc7 17. Bb2 Rad8 18. Ne2 d5 19. Bxf6 Rxf6 20. cxd5 Bxd5 21. Bxd5+ Rxd5 22. Qc3 Rfd6 23. b4 Bb6 24. Rf3 Rd3 25. Qc4+ Kh8 26. bxa5 Bxa5 27. Nd4 R6xd4 28. exd4 Rxf3 29. gxf3 Qxf4+ 30. Kg2 Qd2+ 31. Kf1 Bc3 32. Rb1 Bxd4 33. Qe2 Qxe2+ 34. Kxe2 b6 35. a4 h6 36. h4 g5 37. h5 Kg7 38. Rd1 Bc5 39. Rd7+ Kf6 40. Rc7 g4 41. f4 Ke6 42. Rxc6+ Kd5 43. Rxh6 Ke4 44. Rg6 Kxf4 45. h6 Kg3 46. Kf1 f4 47. h7 Bd4 48. Rxb6 f3 49. Rh6 Bh8 50. a5 Kf4 51. a6 Ke3 52. Re6+ Kf4 53. a7 g3 54. Rg6 g2+ 55. Rxg2 1-0

[Event "Nuremberg Zabo op 16th"]
[Site "Nuremberg"]
[Date "2014.09.20"]
[Round "2"]
[White "Lehmann, Tornalf"]
[Black "Bachstein, Dustin"]
[Result "0-1"]
[WhiteElo "1509"]
[BlackElo "2025"]
[PlyCount "72"]
[EventDate "2014.09.19"]
[EventType "swiss"]
[EventRounds "5"]
[EventCountry "GER"]
[SourceTitle "EXT 2018"]
[Source "ChessBase"]
[SourceDate "2017.10.13"]
[SourceVersion "1"]
[SourceVersionDate "2017.10.13"]
[SourceQuality "1"]

1. e4 c5 2. d4 cxd4 3. c3 dxc3 4. Nxc3 Nc6 5. Nf3 e6 6. Bc4 Nf6 7. 0-0 Qc7 8. Nb5 Qb8 9. e5 Nxe5 10. Nxe5 Qxe5 11. Re1 Qc5 12. Bf1 Nd5 13. Qxd5 Qxd5 14. Nc7+ Kd8 15. Nxd5 exd5 16. Bf4 d6 17. Rac1 Be7 18. Bb5 Bd7 19. Bxd7 Kxd7 20. Rc2 Bf6 21. Rec1 Rac8 22. Rxc8 Rxc8 23. Rxc8 Kxc8 24. b3 Kd7 25. Kf1 Ke6 26. Ke2 Be5 27. Bg3 Bxg3 28. hxg3 Ke5 29. Kd3 d4 30. f3 b5 31. b4 f5 32. f4+ Kd5 33. a3 a6 34. Kd2 Kc4 35. Kc2 d3+ 36. Kd2 Kd4 0-1

[Event "Solingen Karneval op"]
[Site "Solingen"]
[Date "2014.03.01"]
[Round "2"]
[White "Nagel, Bernhard"]
[Black "Lehmann, Tornalf"]
[Result "1-0"]
[WhiteElo "2191"]
[BlackElo "1645"]
[PlyCount "49"]
[EventDate "2014.02.28"]
[EventType "swiss"]
[EventRounds "5"]
[EventCountry "GER"]
[SourceTitle "EXT 2016"]
[Source "ChessBase"]
[SourceDate "2015.10.08"]
[SourceVersion "1"]
[SourceVersionDate "2015.10.08"]
[SourceQuality "1"]

1. Nf3 Nf6 2. c4 e6 3. Nc3 c5 4. g3 d5 5. cxd5 exd5 6. d4 c4 7. Bg2 Nc6 8. 0-0 Be7 9. Ne5 0-0 10. Bg5 Be6 11. e3 h6 12. Bxf6 Bxf6 13. f4 Bxe5 14. fxe5 a6 15. e4 Ne7 16. Qf3 dxe4 17. Qxe4 b5 18. d5 b4 19. dxe6 bxc3 20. exf7+ Kh8 21. bxc3 Qb6+ 22. Kh1 Rad8 23. Qxc4 Rc8 24. Qd4 Qb2 25. Qb4 1-0

[Event "Nuremberg Zabo op 15th"]
[Site "Nuremberg"]
[Date "2013.09.21"]
[Round "2"]
[White "Wagner, Florian"]
[Black "Lehmann, Tornalf"]
[Result "1-0"]
[WhiteElo "2143"]
[BlackElo "1424"]
[PlyCount "65"]
[EventDate "2013.09.20"]
[EventType "swiss"]
[EventRounds "5"]
[EventCountry "GER"]
[SourceTitle "EXT 2016"]
[Source "ChessBase"]
[SourceDate "2015.10.08"]
[SourceVersion "1"]
[SourceVersionDate "2015.10.08"]
[SourceQuality "1"]

1. e4 Nf6 2. Nc3 e5 3. g3 Bc5 4. Bg2 0-0 5. Nge2 a5 6. 0-0 d6 7. h3 Nc6 8. Kh2 Re8 9. f4 exf4 10. gxf4 Nd4 11. Ng3 c6 12. d3 Ne6 13. f5 Nf8 14. d4 Ba7 15. Bf4 Bb8 16. Qd2 a4 17. Rae1 Qb6 18. Nd1 Ra5 19. Ne3 Qd8 20. Bf3 Kh8 21. Ng4 Nxg4+ 22. hxg4 f6 23. g5 fxg5 24. Bxg5 Qb6 25. Bh5 g6 26. fxg6 Nxg6 27. Bxg6 hxg6 28. Bf6+ Kh7 29. Rh1 Bg4 30. Kg2+ Bh5 31. Nf5 Rxf5 32. exf5 Rxe1 33. fxg6+ 1-0

[Event "Arber op 1st"]
[Site "Bayerisch Eisenstein"]
[Date "2012.08.26"]
[Round "9"]
[White "Strasser, Josef"]
[Black "Lehmann, Tornalf"]
[Result "1/2-1/2"]
[WhiteElo "1784"]
[BlackElo "1545"]
[PlyCount "87"]
[EventDate "2012.08.18"]
[EventType "swiss"]
[EventRounds "9"]
[EventCountry "GER"]
[SourceTitle "CBM 150 Extra"]
[Source "ChessBase"]
[SourceDate "2012.10.19"]
[SourceVersion "1"]
[SourceVersionDate "2012.10.19"]
[SourceQuality "1"]

1. e4 Nf6 2. e5 Nd5 3. d4 d6 4. c4 Nb6 5. Nf3 Bg4 6. exd6 exd6 7. Be2 Be7 8. 0-0 0-0 9. Be3 Bf6 10. Qc2 Re8 11. Nbd2 d5 12. c5 N6d7 13. Bd3 Nf8 14. a3 c6 15. Rfe1 Nbd7 16. Rab1 h6 17. b4 a6 18. a4 Qc7 19. Kh1 Bh5 20. Rg1 Bg6 21. g3 Bxd3 22. Qxd3 Ne6 23. Nb3 Ndf8 24. h4 h5 25. Qf5 Qe7 26. Qxh5 g6 27. Qg4 Ng7 28. Rbe1 Qd8 29. Na5 Re4 30. Bf4 Ra7 31. Qh3 Nfe6 32. Be3 Nf5 33. Nb3 Nexd4 34. Bxd4 Nxd4 35. Nfxd4 Bxd4 36. Rxe4 dxe4 37. Rd1 Qd5 38. Nxd4 e3+ 39. Qg2 e2 40. Re1 Qxd4 41. Qf3 Qxb4 42. Qxe2 Qxc5 43. Qe8+ Kg7 44. Kg1 1/2-1/2